000 00997cam a2200265 i 4500
005 20191224041601.0
008 001003s1998 ck ad r 000 0 spa d
015 _aNSS
020 _a9586017508
040 _aCO-BoPUJ
_cCO-BoIAVH
041 0 _aspa
043 _as-ck---
082 0 4 _a301
_bH11h
245 0 0 _aHacer ciencia en un mundo globalizado :
_bla diáspora científica colombiana en perspectiva /
_ccoordinadores Jorge Charum y Jean - Baptiste Meyer
260 _aBogotá :
_bTercer Mundo,
_c1998.
300 _axxxvi, 211 p. ;
_bilustraciones y cuadros
504 _aIncluye referencias bibliográficas.
650 1 4 _aRedes de computadores
_xAspectos sociales
_zcolombia
650 2 4 _aSistemas de información
_zcolombia
700 1 _aCharum Díaz, Jorge
_eCoordinador
700 1 _aMeyer, Jean - Baptiste
_eCoordinador
710 2 _aUniversidad Nacional de Colombia.
_bFacultad de Ciencias
710 2 _aCOLCIENCIAS
942 _2ddc
_cLIBRO
999 _c1378
_d1378